000 00210 a2200097 4500
001 51036
100 _aMachavelli N
245 _aBadsha
260 _aKarachi
_bUniversity of Karachi
_c
090 _c32325
_d32325
942 _aNUST-CAE
_cM
_c24809
999 _c286109
_d286109